000 01279cam a22003857a 4500
999 _c16554
_d16554
001 17968402
003 OSt
005 20180419115519.0
008 131211t20132013enkab b 001 0 eng d
010 _a 2013444235
015 _aGBB2B7770
_2bnb
016 7 _a016215747
_2Uk
020 _a9781849736213 (hbk.)
020 _a1849736219 (hbk.)
035 _a(OCoLC)ocn861643812
040 _aSEKU
_beng
042 _alccopycat
050 0 0 _aTD430.G74 2013
100 _4Mishra, Anuradha
245 0 0 _aGreen materials for sustainable water remediation and treatment /
_cedited by Anuradha Mishra and James H. Clark.
264 1 _aCambridge :
_bRSC Pub.,
_c[2013]
264 4 _c©2013
300 _axv, 259 pages :
_billustrations, 1 map ;
_c25 cm.
490 1 _aRSC green chemistry ;
_vNo. 23
504 _aIncludes bibliographical references and index.
650 0 _aWater-supply engineering
_xEnvironmental aspects.
650 0 _aGreen technology.
700 1 _aClerk, James
700 1 _aClark, James H.
710 2 _aRoyal Society of Chemistry (Great Britain)
830 0 _aRSC green chemistry series ;
_v23.
906 _a7
_bcbc
_ccopycat
_d2
_encip
_f20
_gy-gencatlg
942 _2lcc
_cGEN